Welcome to CU Library Online Public Access Catalogue (OPAC)

Financial reporting (Record no. 4411)

MARC details
000 -LEADER
fixed length control field 00401nam a22001577a 4500
005 - DATE AND TIME OF LATEST TRANSACTION
control field 20250227110648.0
008 - FIXED-LENGTH DATA ELEMENTS--GENERAL INFORMATION
fixed length control field 250227b |||||||| |||| 00| 0 eng d
020 ## - INTERNATIONAL STANDARD BOOK NUMBER
International Standard Book Number 9781861524881
050 ## - LIBRARY OF CONGRESS CALL NUMBER
Classification number HF5635
Item number ALE
100 ## - MAIN ENTRY--PERSONAL NAME
Personal name Alexander, David
245 ## - TITLE STATEMENT
Title Financial reporting
250 ## - EDITION STATEMENT
Edition statement 5th
260 ## - PUBLICATION, DISTRIBUTION, ETC.
Place of publication, distribution, etc. Boston
Name of publisher, distributor, etc. International Thomson Business Press
Date of publication, distribution, etc. c1986
300 ## - PHYSICAL DESCRIPTION
Extent x, 708p
942 ## - ADDED ENTRY ELEMENTS (KOHA)
Source of classification or shelving scheme Library of Congress Classification
Koha item type Books
Suppress in OPAC No
999 ## -
-- 4411
-- 4411
Holdings
Withdrawn status Lost status Source of classification or shelving scheme Damaged status Not for loan Collection Home library Current library Shelving location Date acquired Total checkouts Full call number Barcode Date last seen Copy number Price effective from Koha item type
    Library of Congress Classification     Non-fiction Undergraduate Library (Christ Temple) Undergraduate Library (Christ Temple) General stacks 02/27/2025   HF5635 ALE ulct00001443 02/27/2025 1 02/27/2025 Books
    Library of Congress Classification     Non-fiction Undergraduate Library (Christ Temple) Undergraduate Library (Christ Temple) General stacks 02/27/2025   HF5635 ALE ulct00001444 02/27/2025 2 02/27/2025 Books
© 2023-2024 Copyright: Central University Libraries. All Rights Reserved | Created by: Mahone Tech Office